书目信息 |
| 题名: |
妊娠
|
|
| 作者: | 王蔼明 编著 | |
| 分册: | ||
| 出版信息: | 北京 中国中医药出版社 2000.09 |
|
| 页数: | 121页 | |
| 开本: | 18cm | |
| 丛书名: | 健康教育丛书 57/张文康 主编 | |
| 单 册: | ||
| 中图分类: | R714.1-5 | |
| 科图分类: | ||
| 主题词: | 产科学 | |
| 电子资源: | ||
| ISBN: | 7-80156-075-2 | |
| 000 | 00619nam0 2200217 45 | |
| 001 | 0105250851 | |
| 005 | 20010525082150.0 | |
| 010 | @a7-80156-075-2@d4.00元 | |
| 100 | @a20010525d2000 km y0chiy0120 ea | |
| 101 | 0 | @achi |
| 105 | @a z 000yy | |
| 200 | 1 | @a妊娠@ARen Shen@f王蔼明 编著@FWang Ai Ming Bian Zhu |
| 210 | @a北京@c中国中医药出版社@d2000.09 | |
| 215 | @a121页@d18cm | |
| 225 | @a健康教育丛书 57/张文康 主编 | |
| 410 | @12001 @a健康教育丛书 57/张文康 主编 | |
| 606 | 0 | @a产科学 |
| 690 | @aR714.1-5@v3 | |
| 701 | 0 | @a王蔼明@4编著 |
| 801 | @aCN@b8012@c20010525 | |
| 905 | @aBZT@b74782-783@dR714.1-5@e1@f2 | |
| 妊娠/王蔼明 编著.-北京:中国中医药出版社,2000.09 |
| 121页;18cm.-(健康教育丛书 57/张文康 主编) |
| ISBN 7-80156-075-2:4.00元 |
| ● |
| 相关链接 |
|
|
|
正题名:妊娠
索取号:R714.1-5/1
 
预约/预借
| 序号 | 登录号 | 条形码 | 馆藏地/架位号 | 状态 | 备注 |
| 1 | 74782 | 200683956 | 中心书库中库/ 中库012架B面5列2层28/ [索取号:R714.1-5/1] | 在馆 | |
| 2 | 74783 | 200683938 | 中心书库中库/ 中库012架B面5列2层25/ [索取号:R714.1-5/1] | 在馆 | |
| 3 | 75404 | 200679266 | 中心书库中库/ 中库012架B面5列2层27/ [索取号:R714.1-5/1] | 在馆 | |
| 4 | 75405 | 200679257 | 中心书库中库/ 中库012架B面5列2层26/ [索取号:R714.1-5/1] | 在馆 |